<?xml version="1.0" encoding="utf-8"?>
<?xml-stylesheet type='text/xsl' href='./oai2.xsl'?>
<OAI-PMH xmlns="http://www.openarchives.org/OAI/2.0/" xmlns:xsi="http://www.w3.org/2001/XMLSchema-instance" xsi:schemaLocation="http://www.openarchives.org/OAI/2.0/ http://www.openarchives.org/OAI/2.0/OAI-PMH.xsd">
  <responseDate>2026-06-06T17:26:27Z</responseDate>
  <request verb="GetRecord" metadataPrefix="marcxml" identifier="record_kuniweb_1364441">https://kulturerbe.niedersachsen.de/oai</request>
  <GetRecord>
    <record>
      <header>
        <identifier>record_kuniweb_1364441</identifier>
        <datestamp>2026-03-31T19:09:18Z</datestamp>
        <setSpec>slg0191</setSpec>
      </header>
      <metadata>
        <marc:record xmlns:marc="http://www.loc.gov/MARC21/slim" xsi:schemaLocation="http://www.loc.gov/MARC21/slim http://www.loc.gov/standards/marcxml/schema/MARC21slim.xsd">
          <marc:leader>12345nrm  22     uu 4500</marc:leader>
          <marc:controlfield tag="001">1364441</marc:controlfield>
          <marc:controlfield tag="003">http://kuniweb.gbv.de</marc:controlfield>
          <marc:controlfield tag="005">2023-03-09T13:17:07</marc:controlfield>
          <marc:controlfield tag="008">|           ||||||||||||||||||||||</marc:controlfield>
          <marc:datafield tag="245" ind1="1" ind2="0">
            <marc:subfield code="a">Urkunde / Konfirmation / Avendshausen</marc:subfield>
          </marc:datafield>
          <marc:datafield tag="655" ind1=" " ind2="7">
            <marc:subfield code="a">Grafik</marc:subfield>
          </marc:datafield>
          <marc:datafield tag="046" ind1=" " ind2=" ">
            <marc:subfield code="k">1907</marc:subfield>
            <marc:subfield code="k">1907</marc:subfield>
          </marc:datafield>
          <marc:datafield tag="260" ind1=" " ind2=" ">
            <marc:subfield code="g">1907</marc:subfield>
            <marc:subfield code="g">1907</marc:subfield>
          </marc:datafield>
          <marc:datafield tag="300" ind1=" " ind2=" ">
            <marc:subfield code="a">Höhe: 31,5 cm (mit Rahmen)
Breite: 36 cm (mit Rahmen)</marc:subfield>
          </marc:datafield>
          <marc:datafield tag="520" ind1=" " ind2=" ">
            <marc:subfield code="a">gerhamte Konfirmationsurkunde, vielfarbiger, aufwändiger Kunstdruck mit verschiedenen Bibelsprüchen in einem aufwändigen Ranken- und Rahmenwerk mit bildlichen Darstellungen: Jesus trägt sein Kreuz, der auferstandene Jesus, das Lamm Gottes, das Abendmahl und die Tafeln mit den 10 Geboten. Im Mittelfeld handschriftlicher Eintrag über die Konfirmation. (Stadtmuseum Einbeck)

Aufschrift:
(auszugsweise) Sei getreu bis in den Tod, so will ich dir die Krone des Lebens geben (Offenb. Joh. 2.10) Herr, auf dich traue ich, lass mich nimmermehr zuschanden werden. .... (Psalm 71) Anna Lina Marie Kahle geboren am 15. Januar, und getauft am 12. Februar 1893 ist nach empfangenem Unterricht im Worte Gottes heute in der ev.-lutherischen St. Petri Kirche zu Avendshausen konfirmiert worden und nunmehr zum heiligen Abendmahle zugelassen. Text der Konfirmationsrede: Joh. 21, 16 Avendshausen, den 24. März 1907 Kummer, Pastor

Gebrauchsort:
Avendshausen (Einbeck, Northeim, Niedersachsen)</marc:subfield>
          </marc:datafield>
          <marc:datafield tag="650" ind1="1" ind2=" ">
            <marc:subfield code="a">Druckwesen, Schriftwesen &gt; Urkunde, Zeugnis, Ausweis</marc:subfield>
          </marc:datafield>
          <marc:datafield tag="773" ind1="0" ind2=" ">
            <marc:subfield code="t">Sammlung Festtagskultur</marc:subfield>
          </marc:datafield>
          <marc:datafield tag="852" ind1=" " ind2=" ">
            <marc:subfield code="a">Stadtmuseum Einbeck</marc:subfield>
          </marc:datafield>
          <marc:datafield tag="" ind1=" " ind2=" ">
            <marc:subfield code="a">Namensnennung - Weitergabe unter gleichen Bedingungen 4.0 International (CC BY-SA 4.0)</marc:subfield>
          </marc:datafield>
        </marc:record>
      </metadata>
    </record>
  </GetRecord>
</OAI-PMH>
